Öbür Türkler (Record no. 1409)

MARC details
000 -BAŞLIK
Sabit Uzunlukta Kontrol Alanı 00818na a2200265 4500
001 - KONTROL NUMARASI
Denetim Alanı 20446
003 - KONTROL NUMARASI IDENTIFIER
Denetim Alanı MIRAKIL
005 - SON İŞLEM TARİHİ VE ZAMANI
Denetim Alanı 20181213154822.0
008 - SABİT-BOY VERİ ELEMANLARI - GENEL BİLGİLER
Sabit Uzunlukta Kontrol Alanı 170120b tu 000 0
020 ## - ULUSLARARASI STANDART KİTAP NUMARASI
Uluslararası Standart Kitap Numarası 9756770465
040 ## - KATALOGLAMA KAYNAK
Orijinal Kataloglama Ajansı Milas
Kataloglama Dili tur
Metne Dönüştürmek Ajansı TR-AnCHP
041 ## - DİL KODU
Metin / Ses Parça Veya Ayrı Başlığın Dil Kodu tur
082 ## - DEWEY ONLU SINIFLANDIRMA NUMARASI
Sınıflandırma Numarası 956.102
Ürün Numarası B36ö 1999
090 ## - SINIFLAMA NUMARASI
Sınıflama Numarası 956.102 B36ö 1999
100 ## - ANA GİRİŞ - KİŞİSEL İSİM
Kişisel Ad Berberoğlu, Enis
245 ## - BAŞLIK TABLOSU
Başlık Öbür Türkler
Başlığın Kalan büyük oyun'un milliyetçi süvarileri
Sorumluluk Tablosu, Vb Enis Berberoğlu
246 ## - UNVAN FORM VARYING
Başlık Doğru / Kısa Başlığı Büyük oyun'un milliyetçi süvarileri
260 ## - YAYIN, DAĞITIM, VB
Yayın, Dağıtım, Vb Yeri İstanbul
Yayıncı, Dağıtıcı, Vs Adı Doğan Kitap
Yayın, Dağıtım, Vb Tarihi 1999
300 ## - FİZİKSEL TANIM
Kapsam 180 s.
Boyutlar 23 sm.
650 ## - KONU KATMA GİRİŞ - TOPİKAL DÖNEM
Topikal Süreli Veya Coğrafi Ad Giriş Elemanı Birinci Dünya Savaşı
Genel Alt Bölümü Türkler
650 ## - KONU KATMA GİRİŞ - TOPİKAL DÖNEM
Topikal Süreli Veya Coğrafi Ad Giriş Elemanı Tarih
Genel Alt Bölümü Türkler
Coğrafi Alt Bölümü Orta Asya
651 ## - KONU KATMA GİRİŞ - COĞRAFİ ADI
Coğrafi İsim Türkiye
Genel Alt Bölümü Tarih
Kronolojik Alt Bölümü Birinci Dünya Savaşı
740 ## - KATMA GİRİŞ - KONTROLSUZ İLGİLİ / ANALİTİK BAŞLIK
Kontrol Edilmeyen / İlgili Analitik Başlıktaki Büyük oyun'un milliyetçi süvarileri
942 ## - EKLENDİ GİRİŞ ELEMANLARI (KOHA)
Sınıflandırma Veya Raf Düzeni Kaynak
Koha Öğesi Türü Books
999 ## - SİSTEM KONTROL NUMARALARI (KOHA)
Koha Biblionumber 1409
Koha Biblioitemnumber 1409
Holdings
Kalıcı Konum Mevcut Konum Edinme Tarihi Edinim Kaynak Toplam Check-Out'Lar Tam Çağrı Numarası Barkod Tarih Son Görülme İtibaren Geçerli Fiyatlar Koha Öğesi Türü
CHP Kütüphanesi CHP Kütüphanesi 01/20/2017 Bağış   956.102 B36ö 1999 012564 01/20/2017 01/20/2017 Books